Biomass

This volume covers cellulose and hemicellulose and includes proven and reproducible methods for research related to the conversion of carbohydrate polymers to usable monomeric units. Sections on the preparation of biomass materials and of substrates are included, as are sections on analytical method...

Ful tanımlama

Kaydedildi:
Detaylı Bibliyografya
Materyal Türü: Kitap
Dil:Undetermined
Baskı/Yayın Bilgisi: San Diego, Calif. Academic Press 1988
Konular:
Etiketler: Etiketle
Etiket eklenmemiş, İlk siz ekleyin!
Thư viện lưu trữ: Trung tâm Học liệu Trường Đại học Cần Thơ
LEADER 00834nam a2200181Ia 4500
001 CTU_192304
008 210402s9999 xx 000 0 und d
082 |a 572 
082 |b B615/Part A 
245 0 |a Biomass 
245 0 |c Edited by Willis A. Wood, Scott T. Kellogg 
260 |a San Diego, Calif. 
260 |b Academic Press 
260 |c 1988 
520 |a This volume covers cellulose and hemicellulose and includes proven and reproducible methods for research related to the conversion of carbohydrate polymers to usable monomeric units. Sections on the preparation of biomass materials and of substrates are included, as are sections on analytical methods and on the purification and assay of enzymes. 
650 |a Biopolymers,Polyme sinh học 
910 |a Hải 
980 |a Trung tâm Học liệu Trường Đại học Cần Thơ